Maqātil al-ṭālibīyīn (Record no. 48881)

MARC details
000 -LEADER
fixed length control field 00753cam a22002291 4500
001 - CONTROL NUMBER
control field ne 66000900
003 - CONTROL NUMBER IDENTIFIER
control field DLC
005 - DATE AND TIME OF LATEST TRANSACTION
control field 20260227111823.0
008 - FIXED-LENGTH DATA ELEMENTS--GENERAL INFORMATION
fixed length control field 870529s1965 iq 000 0 arar
010 ## - LIBRARY OF CONGRESS CONTROL NUMBER
LC control number ne 66000900
035 ## - SYSTEM CONTROL NUMBER
System control number (OCoLC)15747140
040 ## - CATALOGING SOURCE
Original cataloging agency DLC
Transcribing agency WaU
Modifying agency DLC
042 ## - AUTHENTICATION CODE
Authentication code premarc
050 00 - LIBRARY OF CONGRESS CALL NUMBER
Classification number CS1129
Item number .A3 1965
100 0# - MAIN ENTRY--PERSONAL NAME
Personal name Abū al-Faraj al-Iṣbahānī,
Dates associated with a name 897 or 898-967.
245 10 - TITLE STATEMENT
Title Maqātil al-ṭālibīyīn
Statement of responsibility, etc. li-Abī al-Faraj al-Iṣfahānī, qaddama lahu wa-ashrafa ʻalá ṭabʻihi Kāẓim al-Muẓaffar.
260 ## - PUBLICATION, DISTRIBUTION, ETC.
Place of publication, distribution, etc. al-Najaf :
Name of publisher, distributor, etc. al-Maktabah al-Ḥaydarīyah,
Date of publication, distribution, etc. 1965.
300 ## - PHYSICAL DESCRIPTION
Extent 16, 475 p.
500 ## - GENERAL NOTE
General note Cover title: Makatel al-Talibyin.
600 30 - SUBJECT ADDED ENTRY--PERSONAL NAME
Personal name Abū Ṭālib family.
700 1# - ADDED ENTRY--PERSONAL NAME
Personal name Muẓaffar, Kāẓim.

No items available.

Powered by Koha